Todas las fronteras de Colombia - Estadísticas

Estadísticas generales
  • Esta prueba ha sido intentada 87 veces
  • La puntuación promedio es 9 de 11
Estadísticas de respuestas
Hint Respuesta % Correcto
Terrestre Ecuador
100%
Terrestre Perú
100%
Terrestre Venezuela
100%
Terrestre Brasil
99%
Terrestre Panamá
99%
Marítima Nicaragua
81%
Marítima Costa Rica
80%
Marítima Honduras
71%
Marítima Jamaica
70%
Marítima Haití
68%
Marítima República Dominicana
66%
No se encontraron pruebas coincidentes
Distribución de puntuación
Porcentaje de gente con cada puntuación
Porcentaje por número respondido
Historial de tus puntuaciones
No has intentado esta prueba.